000 00580nam a22002177a 4500
003 UA-OsUOA
001 42674
007 ta
008 20061114b un ||||| |||| 00| 0 ukr d
100 _aЛук'яненко Л.
090 _a94(477)
_bЛ-11
942 _cSA
040 _aUA-OsUOA
_bukr
_cUA-OsUOA
_dUA-OsUOA
245 _aУкраїнська Гельсінська група: як це було?
300 _aС.3
955 _a0
041 _aukr
080 _a94(477)
773 0 _w42673
650 7 _a9 Географія. Біографії. Історія
_2UDC
999 _c328801
_d328801